000
00310nam a22001337a 4500
003
SGT
082
_a
616.0757
_b
I10B
100
_a
BRYAN, R. NICK
245
_a
INTRODUCTION TO THE SCIENCE OF MEDICAL IMAGING
260
_a
INDIA
_b
CAMBRIDGE
_c
2010
300
_a
326
650
_a
RADIOLOGY
942
_2
ddc
_c
BK
999
_c
14587
_d
14587